Stone restoration (Record no. 75550)

MARC details
000 -LEADER
fixed length control field 00622cab a2200181 4500
001 - CONTROL NUMBER
control field L130321
008 - FIXED-LENGTH DATA ELEMENTS--GENERAL INFORMATION
fixed length control field 050714n2005 000 0 eng u
035 ## - SYSTEM CONTROL NUMBER
System control number (Sirsi) u130321
041 ## - LANGUAGE CODE
Language code of text/sound track or separate title eng
100 ## - MAIN ENTRY--PERSONAL NAME
Personal name Harding, David
245 ## - TITLE STATEMENT
Title Stone restoration
260 ## - PUBLICATION, DISTRIBUTION, ETC.
Date of publication, distribution, etc. 2005
490 ## - SERIES STATEMENT
Series statement Building
Volume/sequential designation 270(8386) 17 June 2005, 78-82(5)
520 ## - SUMMARY, ETC.
Summary, etc. Next in the series of specialist market overviews looking at stone restoration and conservation. Covers hot topics, costs and key contractors.
590 ## - LOCAL NOTE (RLIN)
Local note IKA190705
690 ## - LOCAL SUBJECT ADDED ENTRY--TOPICAL TERM (OCLC, RLIN)
Topical term or geographic name as entry element BUILT ENVIRONMENT-BUILDING MAINTENANCE AND REFURBISHMENT-BUILDING RESTORATION
942 ## - ADDED ENTRY ELEMENTS (KOHA)
Suppress in OPAC 0
Holdings
Withdrawn status Lost status Source of classification or shelving scheme Damaged status Not for loan Home library Current library Shelving location Date acquired Total Checkouts Full call number Barcode Date last seen Copy number Price effective from Koha item type
    Dewey Decimal Classification     London London Journal article 14/07/2005   L130321 130321-1001 06/08/2019 1 06/08/2019 Journal article